<?xml version="1.0" encoding="UTF-8"?>
<record
    xmlns:xsi="http://www.w3.org/2001/XMLSchema-instance"
    xsi:schemaLocation="http://www.loc.gov/MARC21/slim http://www.loc.gov/standards/marcxml/schema/MARC21slim.xsd"
    xmlns="http://www.loc.gov/MARC21/slim">

  <leader>01350nam a2200193 a 4500</leader>
  <controlfield tag="008">121101q1995    ag  |||g |||| 001 0 spa d</controlfield>
  <datafield tag="041" ind1=" " ind2=" ">
    <subfield code="a">spa</subfield>
  </datafield>
  <datafield tag="092" ind1=" " ind2=" ">
    <subfield code="c">342.02</subfield>
    <subfield code="l">13</subfield>
    <subfield code="s">CON</subfield>
  </datafield>
  <datafield tag="110" ind1="1" ind2=" ">
    <subfield code="a">Legislatura de R&#xED;o Negro</subfield>
    <subfield code="9">3144</subfield>
  </datafield>
  <datafield tag="245" ind1=" " ind2=" ">
    <subfield code="a">Constituci&#xF3;n de la Naci&#xF3;n Argentina /</subfield>
    <subfield code="c">Legislatura de R&#xED;o Negro</subfield>
  </datafield>
  <datafield tag="250" ind1=" " ind2=" ">
    <subfield code="a">1a ed.</subfield>
  </datafield>
  <datafield tag="260" ind1=" " ind2=" ">
    <subfield code="a">Viedma [R&#xED;o Negro-ARG.]:</subfield>
    <subfield code="b">Legislatura de R&#xED;o Negro;</subfield>
    <subfield code="c">1995.</subfield>
  </datafield>
  <datafield tag="300" ind1=" " ind2=" ">
    <subfield code="a">61 p.</subfield>
  </datafield>
  <datafield tag="500" ind1=" " ind2=" ">
    <subfield code="a">Constituci&#xF3;n de la Naci&#xF3;n Argentina. (1995) (1a ed.). R&#xED;o Negro : Legislatura de la Provincia de R&#xED;o Negro.</subfield>
  </datafield>
  <datafield tag="505" ind1=" " ind2=" ">
    <subfield code="a">Nos los representantes del pueblo de la Naci&#xF3;n Argentina, reunidos en Congreso General Constituyente por voluntad y elecci&#xF3;n de las provincias que la componen, en cumplimiento de pactos preexistentes, con el objeto de constituir la uni&#xF3;n nacional, afianzar la justicia, consolidar la paz interior, proveer a la defensa com&#xFA;n, promover el bienestar general, y asegurar los beneficios de la libertad, para nosotros, para nuestra posteridad, y para todos los hombres del mundo que quieran habitar en el suelo argentino: invocando la protecci&#xF3;n de Dios, fuente de toda raz&#xF3;n y justicia: ordenamos, decretamos y establecemos esta Constituci&#xF3;n, para la Naci&#xF3;n Argentina. </subfield>
  </datafield>
  <datafield tag="590" ind1=" " ind2=" ">
    <subfield code="a">Donaci&#xF3;n Legislatura de R&#xED;o Negro</subfield>
  </datafield>
  <datafield tag="655" ind1=" " ind2=" ">
    <subfield code="a">Constituci&#xF3;n Nacional</subfield>
    <subfield code="9">3145</subfield>
  </datafield>
  <datafield tag="942" ind1=" " ind2=" ">
    <subfield code="2">ddc</subfield>
    <subfield code="c">BK</subfield>
  </datafield>
  <datafield tag="999" ind1=" " ind2=" ">
    <subfield code="c">2297</subfield>
    <subfield code="d">2297</subfield>
  </datafield>
  <datafield tag="952" ind1=" " ind2=" ">
    <subfield code="0">0</subfield>
    <subfield code="1">0</subfield>
    <subfield code="2">ddc</subfield>
    <subfield code="4">0</subfield>
    <subfield code="7">0</subfield>
    <subfield code="a">BFM</subfield>
    <subfield code="b">BFM</subfield>
    <subfield code="c">CR</subfield>
    <subfield code="d">2017-02-20</subfield>
    <subfield code="e">Donaci&#xF3;n Legislatura de R&#xED;o Negro, 2016</subfield>
    <subfield code="l">0</subfield>
    <subfield code="o">342.02 13 CON</subfield>
    <subfield code="p">3776</subfield>
    <subfield code="r">2017-02-20</subfield>
    <subfield code="t">Ej.1</subfield>
    <subfield code="w">2017-02-20</subfield>
    <subfield code="y">BK</subfield>
    <subfield code="z">Donaci&#xF3;n Legislatura de R&#xED;o Negro, 2016</subfield>
  </datafield>
</record>
